|
|
|
|
| LEADER |
00683nab a2200217 i 4500 |
| 001 |
misc70945 |
| 005 |
20220805133650.0 |
| 008 |
220805s1918 hu o 0|| hun d |
| 040 |
|
|
|a SZTE Miscellanea Repozitórium
|b hun
|
| 041 |
|
|
|a hun
|
| 100 |
1 |
|
|a Németh Gyula
|
| 245 |
1 |
2 |
|a A nagyszentmiklósi kincs körül
|h [elektronikus dokumentum] /
|c Németh Gyula
|
| 260 |
|
|
|c 1918-04
|
| 300 |
|
|
|a 3
|
| 300 |
|
|
|a 265-267
|
| 490 |
0 |
|
|a Túrán
|v 1918 No. 4.
|
| 591 |
|
|
|a XKEK 5598, XKEK 5650,NOA 4122, NOA 4130
|
| 650 |
|
4 |
|a Bölcsészettudományok
|
| 650 |
|
4 |
|a Nyelvek és irodalom
|
| 650 |
|
4 |
|a Nyelvészet
|
| 856 |
4 |
0 |
|u http://misc.bibl.u-szeged.hu/70945/1/4130_noa_n52.pdf
|z Dokumentum-elérés
|